Castes and Tribes of Southern India (Record no. 547317)

MARC details
000 -LEADER
fixed length control field 00492nam a2200169Ia 4500
008 - FIXED-LENGTH DATA ELEMENTS--GENERAL INFORMATION
fixed length control field 240825s9999 xx 000 0 und d
020 ## - INTERNATIONAL STANDARD BOOK NUMBER
ISBN 9788180942075
Paper back/Hardbound hbk
082 ## - DEWEY DECIMAL CLASSIFICATION NUMBER
Classification number 305.5
Item number THU
100 ## - MAIN ENTRY--AUTHOR NAME
Personal name Thurston, Edgar
245 #0 - TITLE STATEMENT
Title Castes and Tribes of Southern India
Statement of responsibility, etc /Edgar Thurston
250 ## - EDITION STATEMENT
Edition statement 1st edition
260 ## - PUBLICATION, DISTRIBUTION, ETC. (IMPRINT)
Name of publisher MJP Publishers
Year of publication c2023
Place of publication New Delhi
300 ## - PHYSICAL DESCRIPTION
Number of Pages 336 p.
Dimensions 25 cm.
650 ## - SUBJECT ADDED ENTRY--TOPICAL TERM
Topical Term History ; Caste India, South ; RELIGION.
942 ## - ADDED ENTRY ELEMENTS (KOHA)
Koha item type English Books
Holdings
Withdrawn status Lost status Damaged status Not for loan Home library Current library Shelving location Date acquired Cost, normal purchase price Full call number Accession Number Price effective from Koha item type
        Anna Centenary Library Anna Centenary Library 3RD FLOOR, B WING 30.05.2024 1471.00 305.5 THU 688842 30.05.2024 English Books

Find us on the map